| 000 | 00347nam a2200133Ia 4500 | ||
|---|---|---|---|
| 008 | 240624s9999 xx 000 0 und d | ||
| 041 | _aeng | ||
| 082 | _a382.92 GEH | ||
| 100 | _aGEHRING MARKUS W | ||
| 245 | _aWORLD TRADE LAW IN PRACTICE | ||
| 260 |
_c2006 _aLondon _bGlobe Business Publishing Ltd |
||
| 300 | _a297 p.; 24 cm. | ||
| 365 |
_cBPS _b38 |
||
| 999 |
_c29176 _d29176 |
||